| 000 | 00510nam a2200121Ia 4500 | ||
|---|---|---|---|
| 008 | 160609s9999 xx 000 0 und d | ||
| 100 | _aTeresevičienė, Margarita. | ||
| 245 | _aTechnology enhanced learning integration into organizations | ||
| 245 | _cAuthors: Teresevičienė, Margarita --- Volungevičienė, Airina --- Trepulė, Elena --- Žydžiūnaitė, Vilma --- et al. | ||
| 260 | _c2015 | ||
| 650 | _xEDUCATIONAL TECHNOLOGY | ||
| 856 | _uhttps://eltalpykla.vdu.lt/bitstream/id/172/ISBN9786094671418.pdf | ||
| 999 |
_c295925 _d295925 |
||